Loulou / (Record no. 103)
[ view plain ]
| 000 -LEADER | |
|---|---|
| fixed length control field | 02157ngm a22004457a 4500 |
| 001 - CONTROL NUMBER | |
| control field | 11594915 |
| 005 - DATE AND TIME OF LATEST TRANSACTION | |
| control field | 20200421093819.0 |
| 007 - PHYSICAL DESCRIPTION FIXED FIELD--GENERAL INFORMATION | |
| fixed length control field | vfucbahou |
| 008 - FIXED-LENGTH DATA ELEMENTS--GENERAL INFORMATION | |
| fixed length control field | 920205s1980 fr 110 vlfre |
| 010 ## - LIBRARY OF CONGRESS CONTROL NUMBER | |
| LC control number | 92503258 |
| 040 ## - CATALOGING SOURCE | |
| Original cataloging agency | DLC |
| Transcribing agency | DLC |
| Description conventions | amim |
| 041 ## - LANGUAGE CODE | |
| Language code of text/sound track or separate title | fre |
| Language code of summary or abstract | eng |
| 043 ## - GEOGRAPHIC AREA CODE | |
| Geographic area code | e-fr--- |
| 050 00 - LIBRARY OF CONGRESS CALL NUMBER | |
| Classification number | VAB 3190 (viewing copy) |
| 245 00 - TITLE STATEMENT | |
| Title | Loulou / |
| Statement of responsibility, etc. | Gaumont-Action Films ; directed by Maurice Pialat ; produced by Klaus Hellwig, Yves Gasser ; written by Arlette Langmann, Maurice Pialat. |
| 257 ## - COUNTRY OF PRODUCING ENTITY | |
| Country of producing entity | France. |
| 260 ## - PUBLICATION, DISTRIBUTION, ETC. | |
| Place of publication, distribution, etc. | France : |
| Name of publisher, distributor, etc. | Gaumont, |
| Date of publication, distribution, etc. | 1980. |
| 300 ## - PHYSICAL DESCRIPTION | |
| Extent | 1 videocassette of 1 (VHS) (ca. 110 min.) : |
| Other physical details | sd., col. ; |
| Dimensions | 1/2 in. viewing copy. |
| 500 ## - GENERAL NOTE | |
| General note | Minor change version: [English language subtitled version]. -- United States : New Yorker Films, 1980. |
| 500 ## - GENERAL NOTE | |
| General note | Copyright for minor change version: no reg. |
| 500 ## - GENERAL NOTE | |
| General note | Copyright notice on video: Action Films-Gaumont ; 1980. |
| 500 ## - GENERAL NOTE | |
| General note | LC copy is English language subtitled version reissue copy. |
| Institution to which field applies | DLC |
| 500 ## - GENERAL NOTE | |
| General note | French with English subtitles. |
| 500 ## - GENERAL NOTE | |
| General note | Reference sources used: Variety, 5/28/80; Monthly film bulletin, v. 48, no. 566, p. 51; Screenworld 1981, v. 32, p. 190; The video source book, 13th ed., v. 1, p. 1548. |
| 508 ## - CREATION/PRODUCTION CREDITS NOTE | |
| Creation/production credits note | Story by Arlette Langmann ; cinematography, Pierre-William Glenn, Jacques Loiseleux ; editing, Yann Dedet ; executive producer, Yves Peyrot. |
| 510 4# - CITATION/REFERENCES NOTE | |
| Name of source | New York times, |
| Location within source | 10/8/80. |
| 511 1# - PARTICIPANT OR PERFORMER NOTE | |
| Participant or performer note | Isabelle Huppert, Gérard Depardieu, Guy Marchand, Frédérique Cerbonnet. |
| 541 ## - IMMEDIATE SOURCE OF ACQUISITION NOTE | |
| Materials specified | viewing copy; |
| 650 #0 - SUBJECT ADDED ENTRY--TOPICAL TERM | |
| Topical term or geographic name entry element | Juvenile delinquents |
| Geographic subdivision | France |
| General subdivision | Drama. |
| 9 (RLIN) | 742 |
| 655 #7 - INDEX TERM--GENRE/FORM | |
| Genre/form data or focus term | Sociological films and programs. |
| Source of term | mim |
| 9 (RLIN) | 250 |
| 655 #7 - INDEX TERM--GENRE/FORM | |
| Genre/form data or focus term | Features. |
| Source of term | mim |
| 9 (RLIN) | 251 |
| 700 1# - ADDED ENTRY--PERSONAL NAME | |
| Personal name | Pialat, Maurice, |
| Dates associated with a name | 1925- |
| Relator term | direction, |
| -- | writing. |
| 700 1# - ADDED ENTRY--PERSONAL NAME | |
| Personal name | Langmann, Arlette, |
| Dates associated with a name | 1947- |
| Relator term | writing. |
| 700 1# - ADDED ENTRY--PERSONAL NAME | |
| Personal name | Huppert, Isabelle, |
| Relator term | cast. |
| 700 1# - ADDED ENTRY--PERSONAL NAME | |
| Personal name | Depardieu, Gérard, |
| Dates associated with a name | 1948- |
| Relator term | cast. |
| 700 1# - ADDED ENTRY--PERSONAL NAME | |
| Personal name | Marchand, Guy, |
| Dates associated with a name | 1939- |
| Relator term | cast. |
| 710 2# - ADDED ENTRY--CORPORATE NAME | |
| Corporate name or jurisdiction name as entry element | Copyright Collection (Library of Congress) |
| Institution to which field applies | DLC |
| 9 (RLIN) | 197 |
| 906 ## - LOCAL DATA ELEMENT F, LDF (RLIN) | |
| a | 7 |
| b | cbc |
| c | orignew |
| d | u |
| e | ncip |
| f | 19 |
| g | y-movingim |
| 942 ## - ADDED ENTRY ELEMENTS (KOHA) | |
| Source of classification or shelving scheme | Dewey Decimal Classification |
| Koha item type | Books |
| Withdrawn status | Lost status | Damaged status | Not for loan | Collection | Home library | Current library | Shelving location | Date acquired | Barcode | Date last seen | Price effective from | Koha item type |
|---|---|---|---|---|---|---|---|---|---|---|---|---|
| Non-fiction | Fairview | Fairview | Audio visual | 09/04/2014 | 39999000004250 | 09/04/2014 | 09/04/2014 | Visual Materials | ||||
| Non-fiction | Midway | Midway | Audio visual | 09/04/2014 | 39999000004274 | 09/04/2014 | 09/04/2014 | Visual Materials | ||||
| Non-fiction | Midway | Midway | Audio visual | 09/04/2014 | 39999000004298 | 09/04/2014 | 09/04/2014 | Visual Materials |